| 000 | nam a22 4500 | ||
|---|---|---|---|
| 999 |
_c232989 _d232989 |
||
| 003 | Nust | ||
| 005 | 20170227144338.0 | ||
| 008 | 170227b xxu||||| |||| 00| 0 eng d | ||
| 040 | _cDLC | ||
| 082 | _a620.11 SID | ||
| 245 |
_aEngineering Materials for Highways and Buildings / _cSiddiqui,Khalid Hassan |
||
| 260 | _aLahore : | ||
| 300 |
_a502p.: _c25cm |
||
| 942 |
_2ddc _cBK |
||